000
00299nam a2200145Ia 4500
100
_a
Constance/John D
650
_a
General
942
_c
BK
654
_a
I.Q Checking
245
_a
Check your I.Q
260
_b
Sudha pub.
_a
New Delhi
082
_a
153.9324
300
_a
184
546
_a
ENGLISH
999
_c
20080
_d
20080